| 000 -CABECERA |
| Longitud fija campo de control |
01172cam a22003017a 4500 |
| 003 - IDENTIFICADOR DEL NÚMERO DE CONTROL |
| Identificador del número de control |
OSt |
| 005 - FECHA Y HORA DE LA ÚLTIMA TRANSACCIÓN |
| Fecha y hora de la última transacción |
20170830142533.0 |
| 008 - CÓDIGOS DE INFORMACIÓN DE LONGITUD FIJA |
| Códigos de información de longitud fija |
170830e2017----spc|||| |||| 00| 0 spa|d |
| 017 ## - NÚMERO DE COPYRIGHT O DE DEPÓSITO LEGAL |
| Número de copyright o de depósito legal |
DL B 4924-2017 |
| Agencia que asigna el número |
Biblioteca de Catalunya |
| 020 ## - NÚMERO INTERNACIONAL NORMALIZADO PARA LIBROS |
| Número Internacional Normalizado para Libros (ISBN) |
9788499927527 |
| 040 ## - FUENTE DE LA CATALOGACIÓN |
| Lengua de catalogación |
cat |
| Centro transcriptor |
CDMR |
| 100 1# - PUNTO DE ACCESO PRINCIPAL-NOMBRE DE PERSONA |
| Nombre de persona |
Soto Ivars, Juan, |
| Fechas asociadas al nombre |
1985- |
| 245 10 - MENCIÓN DE TÍTULO |
| Título |
Arden las redes |
| Resto del título |
: la poscensura y el nuevo mundo virtual / |
| Mención de responsabilidad, etc. |
Juan Soto Ivars |
| 250 ## - MENCIÓN DE EDICIÓN |
| Mención de edición |
Primera edición |
| 260 ## - PUBLICACIÓN, DISTRIBUCIÓN, ETC. (PIE DE IMPRENTA) |
| Lugar de publicación, distribución, etc. |
Barcelona : |
| Nombre del editor, distribuidor, etc. |
Debate, |
| Fecha de publicación, distribución, etc. |
2017 |
| 300 ## - DESCRIPCIÓN FÍSICA |
| Extensión |
285 pàgines ; |
| Dimensiones |
23 cm |
| 500 ## - NOTA GENERAL |
| Nota general |
Reimpressions: 2017 |
| 504 ## - NOTA DE BIBLIOGRAFÍA, ETC |
| Nota de bibliografía, etc. |
Notes. Referències bibliogràfiques |
| 650 #7 - PUNTO DE ACCESO ADICIONAL DE MATERIA - TÉRMINO DE MATERIA |
| Término de materia o nombre geográfico como elemento inicial |
Control social |
| Subdivisión de materia general |
Aspectes ètics i morals |
| Fuente del encabezamiento o término |
lemac |
| 650 #7 - PUNTO DE ACCESO ADICIONAL DE MATERIA - TÉRMINO DE MATERIA |
| Término de materia o nombre geográfico como elemento inicial |
Censura |
| Subdivisión de materia general |
Aspectes ètics i morals |
| Fuente del encabezamiento o término |
lemac |
| 650 #7 - PUNTO DE ACCESO ADICIONAL DE MATERIA - TÉRMINO DE MATERIA |
| Término de materia o nombre geográfico como elemento inicial |
Boicots |
| Subdivisión de materia general |
Aspectes ètics i morals |
| Fuente del encabezamiento o término |
lemac |
| 650 #7 - PUNTO DE ACCESO ADICIONAL DE MATERIA - TÉRMINO DE MATERIA |
| Término de materia o nombre geográfico como elemento inicial |
Xarxes socials en línia |
| Subdivisión de materia general |
Aspectes ètics i morals |
| Fuente del encabezamiento o término |
lemac |
| 650 #7 - PUNTO DE ACCESO ADICIONAL DE MATERIA - TÉRMINO DE MATERIA |
| Término de materia o nombre geográfico como elemento inicial |
Xarxes socials en línia |
| Subdivisión de materia general |
Dret i legislació |
| Fuente del encabezamiento o término |
lemac |
| 650 #7 - PUNTO DE ACCESO ADICIONAL DE MATERIA - TÉRMINO DE MATERIA |
| Término de materia o nombre geográfico como elemento inicial |
Xarxes socials en línia |
| Subdivisión de materia general |
Opinió pública |
| Fuente del encabezamiento o término |
lemac |
| 650 #7 - PUNTO DE ACCESO ADICIONAL DE MATERIA - TÉRMINO DE MATERIA |
| Término de materia o nombre geográfico como elemento inicial |
Llibertat d'expressió |
| Subdivisión de materia general |
Aspectes ètics i morals |
| Fuente del encabezamiento o término |
lemac |
| 650 #7 - PUNTO DE ACCESO ADICIONAL DE MATERIA - TÉRMINO DE MATERIA |
| Término de materia o nombre geográfico como elemento inicial |
Activistes polítics |
| Subdivisión de materia general |
Xarxes socials |
| -- |
Aspectes ètics i morals |
| Fuente del encabezamiento o término |
lemac |
| 942 ## - ENTRADA DE ELEMENTOS AGREGADOS (KOHA) |
| Koha [por defecto] tipo de item |
Monografies |
| Fuente de clasificaión o esquema |
|